Statystyki dla Niemcy - Podział na Landy

Kliknij tutaj aby rozwiązać quiz!

Ogólne statystyki

  • Ten quiz został rozwiązany 142 razy
  • Średni wynik to 8 z 16

Statystyki odpowiedzi

Landy% Poprawnych
Bawaria
84%
Berlin
79%
Saksonia
78%
Hamburg
66%
Brandenburgia
55%
Hesja
51%
Brema
48%
Dolna Saksonia
43%
Saara
40%
Saksonia-Anhalt
39%
Turyngia
38%
Badenia-Wirtembergia
36%
Meklemburgia-Pomorze Przednie
35%
Nadrenia Północna-Westfalia
35%
Szlezwik-Holsztyn
35%
Nadrenia-Palatynat
34%

Rozkład punktacji

Percentyl według liczby udzielonych odpowiedzi

Procent ludzi z każdym wynikiem

Twoja historia wyników

Nie rozwiązałeś tego quizu